| 000 | 00897nam a2200265Ia 4500 | ||
|---|---|---|---|
| 003 | OSt | ||
| 005 | 20220923211451.0 | ||
| 006 | a|||||r|||| 00| 0 | ||
| 007 | ta | ||
| 008 | Pun | ||
| 020 |
_a9789350689097 (hbk) _c195 |
||
| 024 | _a320,247 | ||
| 037 |
_b772, 27/02/2017, H.K. Prakashan _cTextual |
||
| 040 |
_aARTS _cARTS _bPun |
||
| 041 |
_2Pun _aPun |
||
| 082 | _aO153,3NPRx, Q4 | ||
| 100 |
_aਪ੍ਰੇਮ ਪ੍ਰਕਾF, ਂਚ. _9160556 |
||
| 245 | 0 | _aਮੇਰੀਆਂ ਚੋਣਵੀਆਂ ਕਹਾਣੀਆਂ | |
| 260 |
_aਚੰਡੀਗੜ _b ਲੋਕਗੀਤ ਪ੍ਰਕਾFਨ _c2014 |
||
| 300 |
_a176ਪ੍ਰ0 _ccm. |
||
| 650 | _a ਪੰਜਾਬੀ ਕਹਾਣੀ | ||
| 650 | _aਸ਼ਚਅਹ਼ਲਜ | ||
| 942 |
_hO153,3NPRx, Q4 _cTEXL _2CC |
||
| 999 |
_c299823 _d299823 |
||